Análisis técnico-económico de muros de contención de muros de concreto reforzado sobre pilotes colados en sitio y anclajes

Sparad:
Bibliografiska uppgifter
Huvudupphovsman: Ezpeleta Aguilar, Montserrat de
Materialtyp: Bok
Språk:Undetermined
Publicerad: San José, Costa Rica 2003
Ämnen:
Taggar: Lägg till en tagg
Inga taggar, Lägg till första taggen!

MARC

LEADER 00000nam a2200000Ia 4500
003 009240
005 20221231144145.0
008 140114s9999 xx 000 0 und d
040 |c cru CEDI 
090 |a TFG 4779 
100 |a Ezpeleta Aguilar, Montserrat de  |9 6823 
245 |a Análisis técnico-económico de muros de contención de muros de concreto reforzado sobre pilotes colados en sitio y anclajes 
260 |c 2003  |a San José, Costa Rica 
300 |a 259 hojas; ilustraciones 
500 |a  Proyecto de graduación (licenciatura en ingeniería civil)--Universidad de Costa Rica. Facultad de Ingeniería. Escuela de Ingeniería Civil 
650 |x PILOTES (INGENIERIA CIVIL) - PRUEBAS  |x MUROS DE CONTENCION  |x MAMPOSTERIA  |9 6824 
942 |c TFG 
999 |c 17704  |d 17704